00333pab a2200121 454500008004000000100002500040245006000065260000900125300001500134362001100149650001700160773003400177180718b1996 xxu||||| |||| 00| 0 eng d aRemington, Francoise aChild labour: a global crisis without a global response c1996 ap.3354-355 a28 Dec aChild labour aEconomic and Political Weekly